| 000 | 00516nam a2200169Ia 4500 | ||
|---|---|---|---|
| 005 | 20250508153049.0 | ||
| 008 | 008 250505s9999 xx 000 0 eng d | ||
| 037 | _aTextual | ||
| 040 |
_aFEDL _beng _cFEDL |
||
| 041 |
_aeng _2eng |
||
| 084 |
_a506.3, IND _qFEDL |
||
| 245 | 0 | _aProceedings of the forty-fifth session Madras-1958. Part 1,2,3,4 | |
| 245 | 0 | _cIndian Science Congress Association | |
| 546 | _aRegistered under act 21 of 1860 | ||
| 942 |
_cTEXL _h506.3, IND |
||
| 999 |
_c1340471 _d1340471 |
||